=LDR 00000nam 2200000 4500 =001 NUTBA000000000005652 =005 20141105100611.0 =006 =007 =008 =020 ##$$a 978-979-050-270-3 =035 ##$$a 0010-111400000000131 =040 ##$$a NBPDMAT =082 ##$$a R.912 598 22 =090 ##$$a R.912 598 22 $b Mah a =100 ##$$a Mahyuzar =245 ##$$a Atlas tematik provinsi : $b daerah khusus ibu kota jakarta / $c penyusun Mahyuzan dkk. =250 ##$$a Cet. 1 =260 ##$$a Jakarta : $b Bina Sum,ber Daya Rupa, $c 2010 =300 ##$$a 48 hlm. : $b ilus. ; $c 29 cm. =650 ##$$a Atlas tematik jakarta